000 00808nam a2200265 a 4500
003 BLK
005 20250705131914.0
007 ta
008 221104b bu |||||r|||| 00| | bu d
020 _a9789543614240
040 _aBLK
041 _aBUL
_cBUL
080 _9234031
_aЛитература на отделни езици и езикови семейства
_b821
_x-93-34
_z821-93-34
084 _aБ 12
245 _aБаба Яга
260 _9214073
_aСофия
_bПосоки
_c2019
300 _a64 с.
_bс цв. ил.
_c23 см
380 _aDX
490 _9207137
_aЛюбими детски приказки
_v6
852 _bД
_c821-93/Б 12
856 _i0.00
_ldisable
942 _cKNG
_n0
_04
944 _cКети Илиева
_k30531
_lЦветелина Шанова
999 _c521500
_d521500
999 _d521500